000 00767amm a2200289a 44500
008 191129s2019 cat
041 _acat
110 _aTERMCAT
_960609
245 _aEls estils musicals
245 _cTERMCAT, Centre de Terminologia.
245 _h[en lĂ­nia]
260 _aBarcelona
260 _bTERMCAT, Centre de Terminologia
260 _c2019
365 _b30
365 _ceuros
500 _btermcat
520 _aaprox. 120
592 _aObra terminològica
593 _aUS
650 _aestils musicals
_962280
856 _uhttps://www.termcat.cat/ca/recursos/productes-multimedia/els-estils-musicals
901 _c<2019>
902 _a191129
942 _cMO
_n0
999 _c67583
_d67583